| 000 | 00674nam a2200193Ia 4500 | ||
|---|---|---|---|
| 003 | IN-BaIIA | ||
| 008 | 211028s9999 xx 000 0 eng d | ||
| 020 | _a978-0-19-850950-9 | ||
| 040 | _cIIA Library | ||
| 080 |
_a539.1 _bBUD |
||
| 100 |
_aBudker, Dmitry _929636 |
||
| 245 | 0 |
_aAtomic physics _ban exploration through problems and solutions _cDmitry Budker, Derek F. Kimball and David P. DeMille |
|
| 260 |
_aOxford _bOxford University Press _c2004 |
||
| 300 | _axiv, 441p. | ||
| 650 |
_aNuclear physics _91527 |
||
| 650 |
_aNuclear physics-problems and exercises _929637 |
||
| 700 |
_aDeMille, David P. _929638 |
||
| 942 | _cBK | ||
| 999 |
_c16029 _d16029 |
||